000 00410cam a2200157ua 4500
003 OSt
008 250823b |||||||| |||| 00| 0 eng d
041 _aeng
082 _a628.1
_bMIT/SA
100 _aMitchell, Eric.G .
_97768
245 _aSanitation, drainage and water supply /
250 _a6 /
260 _aMumbai :
_bD B Taraporevala sons & Co. Pvt. Ltd. ,
_c1961.
300 _a198 ; .
942 _cBK
999 _c1573
_d1573